| 000 | 01101pam a2200313 a 4500 | ||
|---|---|---|---|
| 001 | 2051459 | ||
| 003 | OSt | ||
| 005 | 20210909113929.0 | ||
| 008 | 930615s1994 enka b 001 0 eng | ||
| 010 | _a 93027839 | ||
| 020 | _a033519009X (pbk.) | ||
| 038 | _akhadija | ||
| 040 |
_aDLC _cDLC _dDLC |
||
| 043 | _ae-uk--- | ||
| 050 | 0 | 0 |
_aHD6331.2.G7 _bM39 1994 |
| 082 | 0 | 0 |
_a331.12 _220 _bMCL |
| 100 | 1 |
_aMcLoughlin, Ian. _982323 |
|
| 245 | 1 | 0 |
_aTechnological change at Work / _cIan McLoughlin and Jon Clark. |
| 250 | _a2nd ed. | ||
| 260 |
_aBuckingham ; _aPhiladelphia : _bOpen University Press, _c1994. |
||
| 300 |
_axii, 290 p. : _bill. ; _c23 cm. |
||
| 504 | _aIncludes bibliographical references (p. [264]-281) and index. | ||
| 563 | _apaperback | ||
| 650 | 0 |
_aLabor supply _xEffect of technological innovations on _zGreat Britain. _982324 |
|
| 700 | 1 |
_aClark, Jon, _cPh. D. _982325 |
|
| 906 |
_a7 _bcbc _corignew _d1 _eocip _f19 _gy-gencatlg |
||
| 942 |
_2ddc _cBK |
||
| 999 |
_c33849 _d33849 |
||